Lectures on administrative law (Record no. 169318)

MARC details
000 -LEADER
fixed length control field 00398nam a2200157Ia 4500
008 - FIXED-LENGTH DATA ELEMENTS--GENERAL INFORMATION
fixed length control field 230917s9999||||xx |||||||||||||| ||und||
040 ## - CATALOGING SOURCE
-- 199940
Original cataloging agency VIVEKANANDA LIBRARY
041 ## - Language
-- English
082 ## - DDC NUMBER
Classification number 342 K48A(18)
100 ## - MAIN ENTRY--PERSONAL NAME
Personal name Kesari, U P D
245 #0 - TITLE STATEMENT
Title Lectures on administrative law
250 ## - EDITION STATEMENT
Edition statement 18th ed.
260 ## - PUBLICATION, DISTRIBUTION, ETC. (IMPRINT)
Place of publication, distribution, etc Allahabad
Name of publisher, distributor, etc Central Law Publications
Date of publication, distribution, etc 2010
300 ## - PHYSICAL DESCRIPTION
Pages xi, 572 p.
942 ## - ADDED ENTRY ELEMENTS (KOHA)
Koha item type Books
Holdings
Withdrawn status Lost status Damaged status Not for loan Location (home branch) Sublocation or collection (holding branch) Date acquired Koha issues (times borrowed) Koha full call number Accession No. Koha date last seen Koha item type
        VIVEKANANDA LIBRARY VIVEKANANDA LIBRARY 21/06/2012 4 342 K48A(18) 315863 04/03/2025 Books
        VIVEKANANDA LIBRARY VIVEKANANDA LIBRARY 21/06/2012   342 K48A(18) 315864 17/09/2023 Books
        VIVEKANANDA LIBRARY VIVEKANANDA LIBRARY 21/06/2012   342 K48A(18) 315865 17/09/2023 Books
        VIVEKANANDA LIBRARY VIVEKANANDA LIBRARY 21/06/2012   342 K48A(18) 315866 17/09/2023 Books
        VIVEKANANDA LIBRARY VIVEKANANDA LIBRARY 21/06/2012 2 342 K48A(18) 315867 17/05/2025 Books
        VIVEKANANDA LIBRARY VIVEKANANDA LIBRARY 21/06/2012 1 342 K48A(18) 315868 24/04/2024 Books
        VIVEKANANDA LIBRARY VIVEKANANDA LIBRARY 21/06/2012   342 K48A(18) 315869 17/09/2023 Books
        VIVEKANANDA LIBRARY VIVEKANANDA LIBRARY 21/06/2012 2 342 K48A(18) 315870 23/04/2026 Books
        VIVEKANANDA LIBRARY VIVEKANANDA LIBRARY 21/06/2012 1 342 K48A(18) 315871 05/04/2025 Books
        VIVEKANANDA LIBRARY VIVEKANANDA LIBRARY 21/06/2012 2 342 K48A(18) 315872 08/09/2025 Books
© Designed and Maintained by Vivekananda Library, MDU Rohtak